| 000 | 00954cab a22002055a 4500 | ||
|---|---|---|---|
| 001 | L148777 | ||
| 008 | 091109e2009 xxkabdof 000 0 eng d | ||
| 035 | _a(Sirsi) u148777 | ||
| 041 | 0 | _aeng | |
| 100 | 1 | _aShah, Aditi | |
| 245 | 0 | 0 |
_aMarkets _bThames Valley |
| 260 | _c2009 | ||
| 490 | 0 |
_aProperty Week _v75(42) 16 October 2009, 59-66(6) |
|
| 520 | _aSegro intends to grow its Thames Valley office development portfolio over the next two years. Maps retail activity along the M4 from Newbury to Slough. Reading Borough Council has granted planning consent to the challenging £1.3 upgrade of Reading railway station. The mood of Thames Valley industrial landlords remains gloomy. Vacancy rates are increasing and rents falling across the Thames Valley office market. Tables. Graphs. | ||
| 590 | _aKA | ||
| 651 | 4 | _aThames Valley | |
| 690 | _aPROPERTY-COMMERCIAL PROPERTY-COMMERCIAL PROPERTY MARKET | ||
| 700 | 1 | _aCoughlin, Michael | |
| 942 | _n0 | ||
| 999 |
_c81952 _d81952 |
||